Pokémon di tipo Erba - Statistics

Statistiche generali
  • Questo quiz è stato fatto 22 volte
  • Il punteggio medio è 84 su 153
Statistiche sulle risposte
Numero Pokédex Nazionale Tipo Tipo Pokémon % Corretto
1 Erba Veleno Bulbasaur
94%
3 Erba Veleno MegaVenusaur
83%
3 Erba Veleno Venusaur
83%
3 Erba Veleno Venusaur Gigamax
83%
493 Erba Erba Arceus (Erba)
78%
152 Erba Erba Chikorita
78%
44 Erba Veleno Gloom
78%
253 Erba Erba Grovyle
78%
2 Erba Veleno Ivysaur
78%
254 Erba Drago MegaSceptile
78%
43 Erba Veleno Oddish
78%
254 Erba Erba Sceptile
78%
495 Erba Erba Snivy
78%
252 Erba Erba Treecko
78%
357 Erba Volante Tropius
78%
45 Erba Veleno Vileplume
78%
153 Erba Erba Bayleef
72%
251 Psico Erba Celebi
72%
187 Erba Volante Hoppip
72%
189 Erba Volante Jumpluff
72%
549 Erba Erba Lilligant
72%
549 Erba Lotta Lilligant (Forma di Hisui)
72%
271 Acqua Erba Lombre
72%
270 Acqua Erba Lotad
72%
272 Acqua Erba Ludicolo
72%
154 Erba Erba Meganium
72%
479 Elettro Erba Rotom (Rotom Taglio)
72%
497 Erba Erba Serperior
72%
275 Erba Buio Shiftry
72%
188 Erba Volante Skiploom
72%
460 Erba Ghiaccio Abomasnow
67%
69 Erba Veleno Bellsprout
67%
331 Erba Erba Cacnea
67%
332 Erba Buio Cacturne
67%
546 Erba Folletto Cottonee
67%
101 Elettro Erba Electrode (Forma di Hisui)
67%
102 Erba Psico Exeggcute
67%
103 Erba Psico Exeggutor
67%
103 Erba Drago Exeggutor (Forma di Alola)
67%
388 Erba Erba Grotle
67%
470 Erba Erba Leafeon
67%
542 Coleottero Erba Leavanny
67%
460 Erba Ghiaccio MegaAbomasnow
67%
274 Erba Buio Nuzleaf
67%
46 Coleottero Erba Paras
67%
47 Coleottero Erba Parasect
67%
548 Erba Erba Petilil
67%
273 Erba Erba Seedot
67%
492 Erba Erba Shaymin (Forma Terra)
67%
492 Erba Volante Shaymin (Froma Cielo)
67%
114 Erba Erba Tangela
67%
389 Erba Terra Torterra
67%
387 Erba Erba Turtwig
67%
71 Erba Veleno Victreebel
67%
640 Erba Lotta Virizion
67%
100 Elettro Erba Voltorb (Forma di Hisui)
67%
70 Erba Veleno Weepinbell
67%
182 Erba Erba Bellossom
61%
286 Erba Lotta Breloom
61%
406 Erba Veleno Budew
61%
652 Erba Lotta Chesnaught
61%
650 Erba Erba Chespin
61%
724 Erba Spettro Decidueye
61%
724 Erba Lotta Decidueye (Forma di Hisui)
61%
597 Erba Acciaio Ferroseed
61%
598 Erba Acciaio Ferrothorn
61%
556 Erba Erba Maractus
61%
511 Erba Erba Pansage
61%
651 Erba Erba Quilladin
61%
315 Erba Veleno Roselia
61%
407 Erba Veleno Roserade
61%
722 Erba Volante Rowlet
61%
496 Erba Erba Servine
61%
540 Coleottero Erba Sewaddle
61%
285 Erba Erba Shroomish
61%
459 Erba Ghiaccio Snover
61%
541 Coleottero Erba Swadloon
61%
465 Erba Erba Tangrowth
61%
413 Coleottero Erba Wormadam (Manto Pianta)
61%
585 Normale Erba Deerling
56%
710 Spettro Erba Pumpkaboo (Grande)
56%
710 Spettro Erba Pumpkaboo (Maxi)
56%
710 Spettro Erba Pumpkaboo (Mini)
56%
710 Spettro Erba Pumpkaboo (Normale)
56%
512 Erba Erba Simisage
56%
547 Erba Folletto Whimsicott
56%
591 Erba Veleno Amoonguss
50%
421 Erba Erba Cherrim (Forma Nuvola)
50%
421 Erba Erba Cherrim (Forma Splendore)
50%
346 Roccia Erba Cradily
50%
723 Erba Volante Dartrix
50%
590 Erba Veleno Foongus
50%
812 Erba Erba Rillaboom
50%
812 Erba Erba Rillaboom Gigamax
50%
586 Normale Erba Sawsbuck
50%
906 Erba Erba Sprigatito
50%
787 Erba Folletto Tapu Bulu
50%
709 Spettro Erba Trevenant
50%
842 Erba Drago Appletun
44%
842 Erba Drago Appletun Gigamax
44%
761 Erba Erba Bounsweet
44%
841 Erba Drago Flapple
44%
841 Erba Drago Flapple Gigamax
44%
810 Erba Erba Grookey
44%
798 Erba Acciaio Kartana
44%
345 Roccia Erba Lileep
44%
708 Spettro Erba Phantump
44%
773 Erba Erba Silvally (Tipo Erba)
44%
191 Erba Erba Sunkern
44%
840 Erba Drago Applin
39%
930 Erba Normale Arboliva
39%
947 Erba Spettro Brambleghast
39%
946 Erba Spettro Bramblin
39%
420 Erba Erba Cherubi
39%
781 Spettro Erba Dhelmise
39%
907 Erba Erba Floragato
39%
753 Erba Erba Fomantis
39%
711 Spettro Erba Gourgeist (Grande)
39%
711 Spettro Erba Gourgeist (Maxi)
39%
711 Spettro Erba Gourgeist (Mini)
39%
711 Spettro Erba Gourgeist (Normale)
39%
908 Erba Buio Meowscarada
39%
1017 Erba Fuoco Ogerpon (Maschera Focolare)
39%
1017 Erba Roccia Ogerpon (Maschera Fondamenta)
39%
1017 Erba Acqua Ogerpon (Maschera Pozzo)
39%
1017 Erba Erba Ogerpon (Maschera Turchese)
39%
756 Erba Folletto Shiinotic
39%
928 Erba Normale Smoliv
39%
762 Erba Erba Steenee
39%
192 Erba Erba Sunflora
39%
811 Erba Erba Thwackey
39%
763 Erba Erba Tsareena
39%
893 Buio Erba Zarude
39%
898 Psico Erba Calyrex
33%
1011 Erba Drago Dipplin
33%
929 Erba Normale Dolliv
33%
986 Erba Buio Fungofurioso
33%
673 Erba Erba Gogoat
33%
754 Erba Erba Lurantis
33%
755 Erba Folletto Morelull
33%
952 Erba Fuoco Scovillain
33%
672 Erba Erba Skiddo
33%
1001 Buio Erba Wo-Chien
33%
951 Erba Erba Capsakid
28%
1019 Erba Drago Hydrapple
28%
949 Terra Erba Toedscruel
28%
455 Erba Erba Carnivine
22%
1010 Erba Psico Fogliaferrea
22%
1012 Erba Spettro Poltchageist
22%
948 Terra Erba Toedscool
22%
830 Erba Erba Eldegoss
17%
1013 Erba Spettro Sinistcha
17%
829 Erba Erba Gossifleur
11%
Nessun quiz corrispondente trovato
Distribuzione punteggi
Percentuale di utenti per punteggio
Percentile per numero di risposta
I tuoi punteggi nel tempo
Non hai fatto questo quiz